[Event "LiSB-ch B"]
[Site "Stein"]
[Date "2002.11.30"]
[Round "1"]
[White "Heuts, John"]
[Black "Elzinga, Roy"]
[Result "1-0"]
[WhiteElo "1656"]
[BlackElo "1508"]
[PlyCount "97"]
[EventDate "2002.11.30"]
[EventType "swiss"]
[EventRounds "7"]
[EventCountry "NED"]
[Source "P.Boonen"]
[SourceDate "2012.01.01"]

1. c4 c5 2. Nc3 Nc6 3. g3 Nf6 4. Bg2 e6 5. e4 g6 6. Nge2 Bg7 7. O-O O-O 8. d3
d6 9. f4 Nd7 10. f5 exf5 11. exf5 Nf6 12. fxg6 fxg6 13. Bg5 h6 14. Bxf6 Bxf6
15. Nf4 Kh7 16. Be4 Bd4+ 17. Kg2 Ne5 18. Qh5 Bf5 19. Qe2 Ng4 20. Ncd5 Re8 21.
h3 Nf6 22. Nxf6+ Bxf6 23. Nd5 Kg7 24. Rf3 Re6 25. Raf1 Rc8 26. Qc2 Bxe4 27.
dxe4 b6 28. Rxf6 Rxf6 29. Rxf6 Qe8 30. Qc3 Qxe4+ 31. Rf3+ Qe5 32. Qxe5+ dxe5
33. Kf2 Rf8 34. Rxf8 Kxf8 35. Ke3 Kf7 36. Ke4 Ke6 37. Ne3 h5 38. g4 a6 39. g5
b5 40. a3 b4 41. axb4 cxb4 42. Nd5 a5 43. c5 b3 44. Nb6 h4 45. Nc4 a4 46. c6 a3
47. Nxa3 Kd6 48. Nb1 Kxc6 49. Kxe5 1-0

[Event "LiSB-ch B"]
[Site "Stein"]
[Date "2002.11.30"]
[Round "1"]
[White "Janssen, Harm"]
[Black "Orbons, Richard"]
[Result "1-0"]
[WhiteElo "1416"]
[BlackElo "1693"]
[PlyCount "63"]
[EventDate "2002.11.30"]
[EventType "swiss"]
[EventRounds "7"]
[EventCountry "NED"]
[Source "P.Boonen"]
[SourceDate "2012.01.01"]

1. e4 d6 2. d4 g6 3. c3 Nf6 4. Bd3 Bg7 5. h3 O-O 6. Be3 e5 7. d5 c6 8. c4 Nbd7
9. Nf3 c5 10. O-O Kh8 11. Nc3 a6 12. a3 Nh5 13. Ne2 f5 14. Ng5 Ndf6 15. Ne6
Bxe6 16. dxe6 f4 17. Bd2 Ng8 18. Nc3 Rf6 19. Nd5 Rxe6 20. Be2 Ngf6 21. Bf3 Nxd5
22. cxd5 Rf6 23. Kh2 Qe7 24. g4 fxg3+ 25. fxg3 Rf7 26. Qe2 Raf8 27. Rf2 g5 28.
Raf1 Nf4 29. gxf4 gxf4 30. Bh5 Rf6 31. Qg4 Rh6 32. Rg1 1-0

[Event "LiSB-ch B"]
[Site "Stein"]
[Date "2002.11.30"]
[Round "1"]
[White "Koelman, Bart"]
[Black "Steinschuld, Jo"]
[Result "1-0"]
[WhiteElo "1744"]
[BlackElo "1432"]
[PlyCount "69"]
[EventDate "2002.11.30"]
[EventType "swiss"]
[EventRounds "7"]
[EventCountry "NED"]
[Source "P.Boonen"]
[SourceDate "2012.01.01"]

1. e4 c5 2. Nf3 d6 3. Nc3 Nf6 4. d3 g6 5. Be2 Bg7 6. O-O O-O 7. Re1 Nc6 8. Bd2
Bd7 9. Qc1 Rb8 10. Bh6 b5 11. Bxg7 Kxg7 12. a3 a5 13. Bd1 Qc7 14. Qg5 h6 15.
Qg3 Nh5 16. Qh4 Nf6 17. Nd5 Qd8 18. Nxf6 exf6 19. Qg3 Ne5 20. Nh4 Kh7 21. f4
Nc6 22. Rf1 Nd4 23. c3 Nc6 24. f5 g5 25. Nf3 Bc8 26. Qg4 Ne5 27. Nxe5 dxe5 28.
Rf3 Bb7 29. Rh3 Kg7 30. Bb3 Qd7 31. Rf1 Rbc8 32. Qh5 Rh8 33. Be6 fxe6 34. Qg6+
Kf8 35. Qxf6+ 1-0

[Event "LiSB-ch B"]
[Site "Stein"]
[Date "2002.11.30"]
[Round "1"]
[White "Leenders, Hans"]
[Black "Schoffelen, Jan"]
[Result "1-0"]
[WhiteElo "1660"]
[BlackElo "1325"]
[PlyCount "80"]
[EventDate "2002.11.30"]
[EventType "swiss"]
[EventRounds "7"]
[EventCountry "NED"]
[Source "P.Boonen"]
[SourceDate "2012.01.01"]

1. Nf3 Nc6 2. e4 e5 3. Bc4 Bc5 4. d3 Nge7 5. c3 Na5 6. Nxe5 Nxc4 7. Nxc4 b5 8.
Ne3 d6 9. O-O O-O 10. a4 Bd7 11. d4 bxa4 12. dxc5 Nc8 13. cxd6 Nxd6 14. f3 Bb5
15. Re1 Re8 16. Na3 c6 17. Kh1 Re6 18. c4 Ba6 19. Qxa4 Bb7 20. Bd2 Nxe4 21.
fxe4 Qxd2 22. Qc2 Qd4 23. Nf5 Qe5 24. c5 Rae8 25. Nd6 Rh6 26. h3 Re7 27. Nf5
Rhe6 28. Nxe7+ Rxe7 29. Rac1 Rd7 30. Red1 Re7 31. Rd8+ Re8 32. Rcd1 Kf8 33. Qd3
Qe7 34. Qd6 Rxd8 35. Qxd8+ Qe8 36. Qxe8+ Kxe8 37. Nc4 Ba6 38. b3 Bc8 39. Nd6+
Kd7 40. Nxc8+ Kxc8 1-0

[Event "LiSB-ch B"]
[Site "Stein"]
[Date "2002.12.01"]
[Round "2"]
[White "Drummen, Marcel"]
[Black "Koelman, Bart"]
[Result "0-1"]
[WhiteElo "1628"]
[BlackElo "1744"]
[PlyCount "58"]
[EventDate "2002.11.30"]
[EventType "swiss"]
[EventRounds "7"]
[EventCountry "NED"]
[Source "P.Boonen"]
[SourceDate "2012.01.01"]

1. e4 c5 2. Nf3 Nc6 3. d4 cxd4 4. Nxd4 e6 5. Be2 Bc5 6. Nxc6 dxc6 7. Qxd8+ Kxd8
8. O-O e5 9. Nc3 Be6 10. Be3 Bxe3 11. fxe3 Nf6 12. Rad1+ Ke7 13. b3 Rad8 14. h3
h6 15. Bc4 Bxc4 16. bxc4 Rxd1 17. Rxd1 Rd8 18. Rxd8 Kxd8 19. Kf2 Kc7 20. Ke2
Kb6 21. Kd3 Ka5 22. g4 a6 23. a3 Nh7 24. c5 Ng5 25. h4 Nf3 26. Ke2 Nxh4 27. Kf2
Ng6 28. Ke2 Nf8 29. Kd3 Nd7 0-1

[Event "LiSB-ch B"]
[Site "Stein"]
[Date "2002.11.30"]
[Round "2"]
[White "Elzinga, Roy"]
[Black "Dreuning, Paul"]
[Result "1-0"]
[WhiteElo "1508"]
[BlackElo "1311"]
[PlyCount "59"]
[EventDate "2002.11.30"]
[EventType "swiss"]
[EventRounds "7"]
[EventCountry "NED"]
[Source "P.Boonen"]
[SourceDate "2012.01.01"]

1. e4 e5 2. Nf3 Nc6 3. Bc4 Nf6 4. Ng5 Be7 5. Nxf7 O-O 6. Nxd8+ Kh8 7. Nxc6 dxc6
8. Nc3 Ng4 9. f3 Nf6 10. d3 Bc5 11. Qe2 Re8 12. Be3 Bd4 13. Bxd4 exd4 14. Nd1
a6 15. c3 c5 16. O-O b5 17. Bb3 Nh5 18. Qc2 Nf4 19. cxd4 c4 20. dxc4 bxc4 21.
Bxc4 Be6 22. Bxe6 Nxe6 23. d5 Nd4 24. Qd3 c5 25. b4 Nb5 26. bxc5 Rac8 27. c6
Ra8 28. Nc3 g5 29. Nxb5 axb5 30. Qxb5 1-0

[Event "LiSB-ch B"]
[Site "Stein"]
[Date "2002.11.30"]
[Round "2"]
[White "Janssen, Harm"]
[Black "Leenders, Hans"]
[Result "1/2-1/2"]
[WhiteElo "1416"]
[BlackElo "1660"]
[PlyCount "85"]
[EventDate "2002.11.30"]
[EventType "swiss"]
[EventRounds "7"]
[EventCountry "NED"]
[Source "P.Boonen"]
[SourceDate "2012.01.01"]

1. e4 e6 2. d4 d5 3. exd5 exd5 4. Nf3 Nf6 5. Bd3 Bd6 6. Be3 O-O 7. Nbd2 Re8 8.
O-O Bg4 9. h3 Bxf3 10. Nxf3 Nbd7 11. c3 Nf8 12. Qd2 c6 13. Rae1 Qc7 14. Bg5
N8d7 15. Qc2 h6 16. Bd2 Nf8 17. Re2 Rxe2 18. Bxe2 Re8 19. Re1 Ng6 20. Bd3 Rxe1+
21. Bxe1 Nf4 22. Bf1 Qe7 23. g3 Ng6 24. Bd3 Nf8 25. Kg2 N8d7 26. Bd2 Ne4 27.
Be3 Nxg3 28. Bxh6 Ne4 29. Be3 Ndf6 30. Qe2 Nh5 31. Ne5 Qh4 32. Qg4 Qxg4+ 33.
hxg4 Nhf6 34. f3 Nc5 35. dxc5 Bxe5 36. g5 Nh5 37. Bf5 Nf4+ 38. Bxf4 Bxf4 39.
Bc8 b6 40. cxb6 axb6 41. Bb7 c5 42. Bxd5 Bxg5 43. b4 1/2-1/2

[Event "LiSB-ch B"]
[Site "Stein"]
[Date "2002.11.30"]
[Round "2"]
[White "Orbons, Richard"]
[Black "Schoffelen, Jan"]
[Result "1-0"]
[WhiteElo "1693"]
[BlackElo "1325"]
[PlyCount "63"]
[EventDate "2002.11.30"]
[EventType "swiss"]
[EventRounds "7"]
[EventCountry "NED"]
[Source "P.Boonen"]
[SourceDate "2012.01.01"]

1. Nf3 d5 2. c4 d4 3. b4 g6 4. Bb2 Bg7 5. g3 e5 6. d3 c6 7. Bg2 Qe7 8. a3 Bf5
9. Nbd2 a6 10. O-O Nf6 11. e3 Bxd3 12. Re1 e4 13. exd4 O-O 14. Ng5 Qd7 15.
Ngxe4 Bxe4 16. Nxe4 Nxe4 17. Rxe4 f5 18. Re2 Qf7 19. Qc2 Re8 20. Rae1 Rxe2 21.
Qxe2 Nd7 22. d5 Bxb2 23. Qxb2 Re8 24. Re2 Ne5 25. Rxe5 Rxe5 26. Qxe5 Kf8 27.
Qh8+ Ke7 28. dxc6 bxc6 29. Qe5+ Kd7 30. c5 h5 31. Qd6+ Kc8 32. Qxc6+ 1-0

[Event "LiSB-ch B"]
[Site "Stein"]
[Date "2002.12.01"]
[Round "3"]
[White "Elzinga, Roy"]
[Black "Janssen, Harm"]
[Result "1-0"]
[WhiteElo "1508"]
[BlackElo "1416"]
[PlyCount "67"]
[EventDate "2002.11.30"]
[EventType "swiss"]
[EventRounds "7"]
[EventCountry "NED"]
[Source "P.Boonen"]
[SourceDate "2012.01.01"]

1. e4 e5 2. Nf3 Nc6 3. Bc4 Bc5 4. c3 h6 5. d4 exd4 6. cxd4 Bb4+ 7. Bd2 d6 8.
Bxb4 Nxb4 9. Qa4+ Nc6 10. d5 Bd7 11. dxc6 Bxc6 12. Bb5 Qd7 13. Bxc6 bxc6 14.
O-O Nf6 15. Nbd2 O-O 16. Rac1 c5 17. Qxd7 Nxd7 18. Rc3 Rab8 19. b3 a5 20. h3
Rfe8 21. Re1 f6 22. Nh4 g5 23. Nf5 Kh7 24. Rg3 Kg6 25. f4 d5 26. fxg5 hxg5 27.
Nh4+ Kh5 28. Nhf3 dxe4 29. Rxe4 Rxe4 30. Nxe4 Rg8 31. Kf2 Re8 32. Nfd2 Re5 33.
Re3 f5 34. Ng3+ 1-0

[Event "LiSB-ch B"]
[Site "Stein"]
[Date "2002.12.01"]
[Round "3"]
[White "Koelman, Bart"]
[Black "Heuts, John"]
[Result "0-1"]
[WhiteElo "1744"]
[BlackElo "1656"]
[PlyCount "60"]
[EventDate "2002.11.30"]
[EventType "swiss"]
[EventRounds "7"]
[EventCountry "NED"]
[Source "P.Boonen"]
[SourceDate "2012.01.01"]

1. e4 e6 2. Nf3 d5 3. exd5 exd5 4. d4 Nf6 5. Bd3 Bd6 6. O-O O-O 7. Bg5 Bg4 8.
Nbd2 Nbd7 9. c3 c6 10. Qc2 Qc7 11. Rfe1 Rae8 12. h3 Bh5 13. Kf1 Bg6 14. Rxe8
Bxd3+ 15. Qxd3 Rxe8 16. Re1 Rxe1+ 17. Kxe1 Bf4 18. Bxf4 Qxf4 19. Qe2 Ne4 20. g3
Qf5 21. Ng1 Nxd2 22. Kxd2 Qb1 23. Qe8+ Nf8 24. Nf3 Qxb2+ 25. Ke3 Qxc3+ 26. Kf4
Qc1+ 27. Kg4 Qh6 28. Ng5 Qg6 29. Kf4 f6 30. Qxg6 Nxg6+ 0-1

[Event "LiSB-ch B"]
[Site "Stein"]
[Date "2002.12.01"]
[Round "3"]
[White "Leenders, Hans"]
[Black "Orbons, Richard"]
[Result "1/2-1/2"]
[WhiteElo "1660"]
[BlackElo "1693"]
[PlyCount "57"]
[EventDate "2002.11.30"]
[EventType "swiss"]
[EventRounds "7"]
[EventCountry "NED"]
[Source "P.Boonen"]
[SourceDate "2012.01.01"]

1. Nf3 g6 2. d4 Bg7 3. c3 Nf6 4. h3 O-O 5. Bf4 d6 6. e3 Nbd7 7. Bd3 c5 8. O-O
b6 9. Re1 Bb7 10. Nbd2 Rc8 11. Rc1 e5 12. dxe5 dxe5 13. Bxe5 Nxe5 14. Nxe5 Qd5
15. Ndf3 Rcd8 16. Bc4 Qe4 17. Qc2 Qxc2 18. Rxc2 Bd5 19. Rd1 Bxc4 20. Rxd8 Rxd8
21. Nxc4 Rd1+ 22. Kh2 Ne4 23. Re2 Rf1 24. g3 Rxf2+ 25. Rxf2 Nxf2 26. a4 Nd1 27.
Ne1 Nxb2 28. Nxb2 Bxc3 29. Ned3 1/2-1/2

[Event "LiSB-ch B"]
[Site "Stein"]
[Date "2002.12.01"]
[Round "4"]
[White "Heuts, John"]
[Black "Leenders, Hans"]
[Result "1-0"]
[WhiteElo "1656"]
[BlackElo "1660"]
[PlyCount "91"]
[EventDate "2002.11.30"]
[EventType "swiss"]
[EventRounds "7"]
[EventCountry "NED"]
[Source "P.Boonen"]
[SourceDate "2012.01.01"]

1. c4 e5 2. Nc3 Nf6 3. Nf3 Nc6 4. g3 d6 5. Bg2 Rb8 6. d3 Bd7 7. O-O Be7 8. Rb1
a5 9. a3 O-O 10. h3 Re8 11. Bd2 h6 12. b4 axb4 13. axb4 Bf8 14. e4 b6 15. Nb5
Qc8 16. Kh2 Ne7 17. Nc3 c5 18. b5 Qb7 19. Ra1 Ra8 20. Qc2 Rxa1 21. Rxa1 Ra8 22.
Na4 Nc8 23. Nh4 Ra7 24. f4 Qc7 25. Nf3 Be7 26. f5 Nh7 27. h4 f6 28. Bh3 Be8 29.
Qb2 Bf7 30. g4 Bd8 31. Qc1 Qe7 32. Qd1 Qc7 33. Qg1 Qe7 34. Qc1 Kh8 35. Qc2 Qc7
36. Rg1 Qb8 37. g5 hxg5 38. hxg5 fxg5 39. Nxg5 Bxg5 40. Bxg5 Nxg5 41. Rxg5 Qa8
42. Nc3 Ra1 43. Rg2 Ne7 44. Qf2 Ng8 45. Qh4+ Nh6 46. f6 1-0

[Event "LiSB-ch B"]
[Site "Stein"]
[Date "2002.12.01"]
[Round "4"]
[White "Koelman, Bart"]
[Black "Elzinga, Roy"]
[Result "1-0"]
[WhiteElo "1744"]
[BlackElo "1508"]
[PlyCount "63"]
[EventDate "2002.11.30"]
[EventType "swiss"]
[EventRounds "7"]
[EventCountry "NED"]
[Source "P.Boonen"]
[SourceDate "2012.01.01"]

1. e4 e5 2. Nf3 Nc6 3. Bc4 Nf6 4. d3 d6 5. Ng5 d5 6. exd5 Na5 7. Qe2 Nxc4 8.
dxc4 Bd6 9. Nc3 O-O 10. O-O Re8 11. Nce4 Nxe4 12. Nxe4 f5 13. Nxd6 cxd6 14. b3
Rf8 15. a4 f4 16. f3 Qg5 17. Kh1 Rf6 18. Qf2 Rh6 19. g3 Bd7 20. gxf4 exf4 21.
Bb2 Qh5 22. Rg1 g5 23. Rxg5+ Qxg5 24. Rg1 Qxg1+ 25. Qxg1+ Rg6 26. Qd4 Kf7 27.
Qxf4+ Ke7 28. Qh4+ Kf8 29. Qxh7 Be8 30. f4 Rd8 31. f5 Rd7 32. fxg6 1-0

[Event "LiSB-ch B"]
[Site "Stein"]
[Date "2002.12.01"]
[Round "4"]
[White "Orbons, Richard"]
[Black "Steinschuld, Jo"]
[Result "1-0"]
[WhiteElo "1693"]
[BlackElo "1432"]
[PlyCount "69"]
[EventDate "2002.11.30"]
[EventType "swiss"]
[EventRounds "7"]
[EventCountry "NED"]
[Source "P.Boonen"]
[SourceDate "2012.01.01"]

1. Nf3 Nf6 2. g3 g6 3. b4 Bg7 4. Bb2 O-O 5. Bg2 d6 6. O-O Nbd7 7. d3 c6 8. Nbd2
Re8 9. c4 e5 10. e4 Qc7 11. Qc2 Rb8 12. Rac1 c5 13. b5 b6 14. Nb1 Bb7 15. Nc3
Re7 16. Bh3 Rf8 17. Nh4 Nh5 18. Qd2 Qd8 19. Ng2 Ree8 20. Ne3 Nhf6 21. Ra1 Qe7
22. a4 Ra8 23. Ra2 a5 24. Ncd5 Bxd5 25. cxd5 Rab8 26. Nc4 Rfd8 27. Bc3 Ra8 28.
Qb2 Rdb8 29. Raa1 Bh6 30. Rae1 Bg7 31. f4 Nh5 32. Bxd7 Qxd7 33. fxe5 Qh3 34.
Nxd6 Ra7 35. Re3 1-0

[Event "LiSB-ch B"]
[Site "Stein"]
[Date "2002.12.07"]
[Round "5"]
[White "Heuts, John"]
[Black "Orbons, Richard"]
[Result "1/2-1/2"]
[WhiteElo "1656"]
[BlackElo "1693"]
[PlyCount "66"]
[EventDate "2002.11.30"]
[EventType "swiss"]
[EventRounds "7"]
[EventCountry "NED"]
[Source "P.Boonen"]
[SourceDate "2012.01.01"]

1. c4 g6 2. Nc3 Bg7 3. g3 d6 4. Bg2 Nc6 5. e3 e5 6. Nge2 Nf6 7. O-O O-O 8. d3
Nd7 9. Rb1 a5 10. a3 Nc5 11. b4 axb4 12. axb4 Ne6 13. Nd5 Ne7 14. Nec3 c6 15.
Nxe7+ Qxe7 16. Bb2 Nc7 17. Ra1 Be6 18. Na4 Ra6 19. Qb3 Rfa8 20. Nc3 b5 21. Rxa6
Rxa6 22. Ra1 bxc4 23. dxc4 Rxa1+ 24. Bxa1 e4 25. Bxe4 d5 26. cxd5 cxd5 27. Bg2
d4 28. Nd5 Bxd5 29. Bxd5 dxe3 30. Bxg7 e2 31. Bc3 e1=Q+ 32. Bxe1 Nxd5 33. Qxd5
Qxe1+ 1/2-1/2

[Event "LiSB-ch B"]
[Site "Stein"]
[Date "2002.12.07"]
[Round "5"]
[White "Janssen, Harm"]
[Black "Schoffelen, Jan"]
[Result "1-0"]
[WhiteElo "1416"]
[BlackElo "1325"]
[PlyCount "45"]
[EventDate "2002.11.30"]
[EventType "swiss"]
[EventRounds "7"]
[EventCountry "NED"]
[Source "P.Boonen"]
[SourceDate "2012.01.01"]

1. e4 c5 2. Nf3 Nc6 3. d4 cxd4 4. Nxd4 Nf6 5. Nc3 d6 6. h3 a6 7. Be3 e5 8. Nf3
b5 9. Nd5 Rb8 10. Nd2 Be6 11. c4 bxc4 12. Bxc4 Rxb2 13. Bxa6 Nxd5 14. exd5 Bxd5
15. Nc4 Bxc4 16. Bxc4 Qa5+ 17. Bd2 Qb6 18. O-O Nd4 19. Qa4+ Nc6 20. Qa8+ Qb8
21. Qxc6+ Kd8 22. Bxf7 Be7 23. Ba5+ 1-0

[Event "LiSB-ch B"]
[Site "Stein"]
[Date "2002.12.07"]
[Round "5"]
[White "Leenders, Hans"]
[Black "Koelman, Bart"]
[Result "0-1"]
[WhiteElo "1660"]
[BlackElo "1744"]
[PlyCount "132"]
[EventDate "2002.11.30"]
[EventType "swiss"]
[EventRounds "7"]
[EventCountry "NED"]
[Source "P.Boonen"]
[SourceDate "2012.01.01"]

1. Nf3 Nf6 2. d4 d5 3. h3 e6 4. Bf4 c5 5. e3 Nc6 6. c3 Bd7 7. Nbd2 cxd4 8. exd4
Be7 9. Bd3 O-O 10. O-O a6 11. Re1 Rc8 12. Ne5 b5 13. a3 Na5 14. Nb3 Nc4 15.
Bxc4 bxc4 16. Nd2 Qb6 17. Qc2 Rc7 18. Nf1 Ne4 19. Nxd7 Rxd7 20. Ne3 Rb7 21.
Rab1 Bd6 22. Nxc4 dxc4 23. Qxe4 Bxf4 24. Qxf4 Rfb8 25. Qe3 Qc6 26. Re2 Rb3 27.
Rd2 R8b5 28. Qe1 Qb7 29. d5 Rxd5 30. Rxd5 Qxd5 31. Rd1 Qg5 32. Qd2 Qxd2 33.
Rxd2 Kf8 34. Kf1 Ke7 35. Ke1 Rb6 36. Kd1 e5 37. Kc2 Rd6 38. Rxd6 Kxd6 39. b4
cxb3+ 40. Kxb3 Kc5 41. c4 f5 42. Kc3 g5 43. g4 fxg4 44. hxg4 e4 45. Kb3 a5 46.
Ka4 Kxc4 47. Kxa5 Kd3 48. Kb6 Ke2 49. a4 Kxf2 50. a5 e3 51. a6 e2 52. a7 e1=Q
53. a8=Q Qe6+ 54. Kc7 Kg3 55. Qa3+ Kxg4 56. Qa4+ Kf5 57. Qc2+ Qe4 58. Qa2 Qe7+
59. Kb8 h5 60. Qc2+ Qe4 61. Qc8+ Kf4 62. Qc1+ Qe3 63. Qc4+ Kg3 64. Qb5 h4 65.
Kb7 h3 66. Qb1 h2 0-1

[Event "LiSB-ch B"]
[Site "Stein"]
[Date "2002.12.07"]
[Round "6"]
[White "Dreuning, Paul"]
[Black "Janssen, Harm"]
[Result "0-1"]
[WhiteElo "1311"]
[BlackElo "1416"]
[PlyCount "52"]
[EventDate "2002.11.30"]
[EventType "swiss"]
[EventRounds "7"]
[EventCountry "NED"]
[Source "P.Boonen"]
[SourceDate "2012.01.01"]

1. e4 e5 2. d3 Nc6 3. Nf3 Bc5 4. Be3 Bxe3 5. fxe3 d6 6. d4 exd4 7. exd4 Qe7 8.
Nc3 Nf6 9. Bb5 O-O 10. O-O Nxe4 11. Nxe4 Qxe4 12. Bxc6 Qxc6 13. Qd3 Qd5 14. b3
Bf5 15. Qc3 c6 16. Rf2 Rfe8 17. Re1 h6 18. Qb4 b5 19. c4 c5 20. Qxb5 Rxe1+ 21.
Nxe1 Qxd4 22. Qc6 Rf8 23. Qf3 Re8 24. Kf1 Bg6 25. Qc6 Bd3+ 26. Kg1 Rxe1# 0-1

[Event "LiSB-ch B"]
[Site "Stein"]
[Date "2002.12.07"]
[Round "6"]
[White "Elzinga, Roy"]
[Black "Schoffelen, Jan"]
[Result "1/2-1/2"]
[WhiteElo "1508"]
[BlackElo "1325"]
[PlyCount "196"]
[EventDate "2002.11.30"]
[EventType "swiss"]
[EventRounds "7"]
[EventCountry "NED"]
[Source "P.Boonen"]
[SourceDate "2012.01.01"]

1. e4 c5 2. Nf3 Nc6 3. d4 cxd4 4. Nxd4 e5 5. Nf3 Bc5 6. Bc4 Nge7 7. Nc3 Bb4 8.
Bd2 O-O 9. a3 Bxc3 10. Bxc3 Qc7 11. h4 d6 12. h5 Bg4 13. Rh4 Bxf3 14. Qxf3 Nd4
15. Bxd4 Qxc4 16. Bc3 Qe6 17. g4 f6 18. Qg3 d5 19. Bb4 dxe4 20. g5 fxg5 21.
Qxg5 Rf7 22. Rxe4 Nc6 23. Bc3 Rf5 24. Qg4 h6 25. O-O-O Re8 26. f4 Qf6 27. Rde1
Re7 28. fxe5 Qg5+ 29. Qxg5 Rxg5 30. Rh1 Re6 31. b3 Nxe5 32. Rhe1 Rxh5 33. Rxe5
Rexe5 34. Bxe5 g5 35. c4 g4 36. Bg3 Kf7 37. Kd2 a6 38. Ke3 Rf5 39. b4 Rf3+ 40.
Ke4 Rxg3 41. Kf4 Rxa3 42. Kxg4 Rb3 43. Rh1 Rxb4 44. Rxh6 Rxc4+ 45. Kf5 Rc5+ 46.
Ke4 Rb5 47. Kd4 a5 48. Kc4 Rb4+ 49. Kc3 b6 50. Rc6 Ke7 51. Rh6 Kd7 52. Rg6 Kc7
53. Rg7+ Kc6 54. Rg6+ Kb5 55. Rg5+ Ka4 56. Rg1 Rb3+ 57. Kc2 b5 58. Ra1+ Ra3 59.
Rf1 Ra2+ 60. Kb1 Rh2 61. Ka1 b4 62. Rf4 Rh3 63. Kb2 Rc3 64. Re4 Kb5 65. Re5+
Rc5 66. Re3 a4 67. Rf3 Re5 68. Rf2 Re4 69. Rc2 Re3 70. Rc8 a3+ 71. Ka2 Re6 72.
Rc7 Rb6 73. Kb3 Ka5 74. Ra7+ Ra6 75. Rb7 Rb6 76. Ra7+ Ra6 77. Rb7 Rb6 78. Rc7
Rb8 79. Rc4 Ka6 80. Rc5 Rb5 81. Rc6+ Kb7 82. Rc4 Ka6 83. Rc8 Rb7 84. Rc4 Ka5
85. Rc5+ Ka6 86. Rc8 Ra7 87. Rc6+ Kb7 88. Rf6 a2 89. Rf7+ Kb6 90. Rxa7 Kxa7 91.
Kxa2 Kb6 92. Kb3 Kb5 93. Kb2 Kc4 94. Kc2 b3+ 95. Kb2 Kb4 96. Kb1 Ka3 97. Ka1
b2+ 98. Kb1 Kb3 1/2-1/2

[Event "LiSB-ch B"]
[Site "Stein"]
[Date "2002.12.07"]
[Round "6"]
[White "Orbons, Richard"]
[Black "Koelman, Bart"]
[Result "0-1"]
[WhiteElo "1693"]
[BlackElo "1744"]
[PlyCount "44"]
[EventDate "2002.11.30"]
[EventType "swiss"]
[EventRounds "7"]
[EventCountry "NED"]
[Source "P.Boonen"]
[SourceDate "2012.01.01"]

1. Nf3 Nf6 2. g3 d5 3. c4 e6 4. Bg2 Nbd7 5. b3 Bd6 6. Bb2 O-O 7. O-O b6 8. d3
Bb7 9. Nbd2 c5 10. cxd5 exd5 11. d4 Rc8 12. Rc1 Re8 13. e3 Ba6 14. Re1 Ne4 15.
dxc5 Ndxc5 16. Nxe4 dxe4 17. Qd4 Bf8 18. Ne5 f6 19. Nc4 Nd3 20. Qxd8 Rcxd8 21.
Bd4 Rc8 22. Bf1 b5 0-1

[Event "LiSB-ch B"]
[Site "Stein"]
[Date "2002.12.07"]
[Round "6"]
[White "Steinschuld, Jo"]
[Black "Heuts, John"]
[Result "0-1"]
[WhiteElo "1432"]
[BlackElo "1656"]
[PlyCount "70"]
[EventDate "2002.11.30"]
[EventType "swiss"]
[EventRounds "7"]
[EventCountry "NED"]
[Source "P.Boonen"]
[SourceDate "2012.01.01"]

1. e4 e6 2. d4 d5 3. e5 c5 4. c3 Nc6 5. Nf3 Qb6 6. Be2 Nh6 7. Nbd2 cxd4 8. cxd4
Nxd4 9. O-O Nxe2+ 10. Qxe2 Bd7 11. Nb3 Bb5 12. Qd1 Bxf1 13. Qxf1 Nf5 14. Qd3
Rc8 15. Bd2 Be7 16. Nfd4 Nxd4 17. Qxd4 Qxd4 18. Nxd4 a6 19. Kf1 Rc4 20. Bc3 Kd7
21. Ke2 Rhc8 22. Kd3 Bb4 23. Rc1 Bxc3 24. Rxc3 Rxc3+ 25. bxc3 Rc4 26. Kc2 f6
27. f4 b5 28. a3 a5 29. g3 b4 30. axb4 axb4 31. Ne2 Kc6 32. Kb3 Kc5 33. cxb4+
Rxb4+ 34. Kc3 fxe5 35. fxe5 Re4 0-1

[Event "LiSB-ch B"]
[Site "Stein"]
[Date "2002.12.08"]
[Round "7"]
[White "Elzinga, Roy"]
[Black "Orbons, Richard"]
[Result "0-1"]
[WhiteElo "1508"]
[BlackElo "1693"]
[PlyCount "54"]
[EventDate "2002.11.30"]
[EventType "swiss"]
[EventRounds "7"]
[EventCountry "NED"]
[Source "P.Boonen"]
[SourceDate "2012.01.01"]

1. e4 g6 2. d4 Bg7 3. Nf3 d6 4. Bc4 c6 5. Be3 Nf6 6. Nbd2 O-O 7. c3 Nxe4 8.
Nxe4 d5 9. Bd3 dxe4 10. Bxe4 Nd7 11. h4 e5 12. Qc2 exd4 13. Bxd4 Bxd4 14. Nxd4
Nc5 15. O-O-O Nxe4 16. Qxe4 Re8 17. Qf4 Qa5 18. Rhe1 Bd7 19. Kb1 Rad8 20. Qf6
Bc8 21. f3 Qd5 22. g4 c5 23. Ne6 Qxd1+ 24. Rxd1 Rxd1+ 25. Kc2 Rxe6 26. Qxe6
Bxe6 27. Kxd1 Bxa2 0-1

[Event "LiSB-ch B"]
[Site "Stein"]
[Date "2002.12.08"]
[Round "7"]
[White "Janssen, Harm"]
[Black "Heuts, John"]
[Result "0-1"]
[WhiteElo "1416"]
[BlackElo "1656"]
[PlyCount "40"]
[EventDate "2002.11.30"]
[EventType "swiss"]
[EventRounds "7"]
[EventCountry "NED"]
[Source "P.Boonen"]
[SourceDate "2012.01.01"]

1. e4 e6 2. d4 d5 3. f3 Nf6 4. Bd3 c5 5. e5 Nfd7 6. Be3 cxd4 7. Bxd4 Nc6 8. c3
Nxd4 9. cxd4 Qh4+ 10. g3 Qxd4 11. f4 Qxb2 12. Ne2 Nc5 13. Nbc3 Nxd3+ 14. Qxd3
Qxa1+ 15. Nd1 Qxa2 16. Qb5+ Bd7 17. Qxb7 Qa5+ 18. Nec3 Qd8 19. Nb5 Bxb5 20.
Qxb5+ Qd7 0-1

[Event "LiSB-ch B"]
[Site "Stein"]
[Date "2002.12.08"]
[Round "7"]
[White "Leenders, Hans"]
[Black "Steinschuld, Jo"]
[Result "1/2-1/2"]
[WhiteElo "1660"]
[BlackElo "1432"]
[PlyCount "79"]
[EventDate "2002.11.30"]
[EventType "swiss"]
[EventRounds "7"]
[EventCountry "NED"]
[Source "P.Boonen"]
[SourceDate "2012.01.01"]

1. e4 c5 2. Nf3 d6 3. c3 Nf6 4. Bb5+ Bd7 5. Bxd7+ Nbxd7 6. d3 g6 7. O-O Bg7 8.
Re1 O-O 9. Nbd2 Ng4 10. h3 Nge5 11. Nxe5 Nxe5 12. Nf3 Qb6 13. Nxe5 Bxe5 14. Bh6
Rfe8 15. Rb1 Rac8 16. Kh1 Rc7 17. f4 Bh8 18. Qg4 Qa6 19. Qg3 Qxa2 20. h4 Bg7
21. Bxg7 Kxg7 22. f5 Rh8 23. e5 Qd5 24. c4 Qc6 25. Re2 Rcc8 26. Rf1 dxe5 27.
Qxe5+ Qf6 28. Qxe7 Rhe8 29. Qxf6+ Kxf6 30. fxg6+ Kxg6 31. Ref2 Rc7 32. Rf3 Kg7
33. R1f2 Re1+ 34. Kh2 Rce7 35. Kg3 a5 36. Rf5 b6 37. Rf6 R1e3+ 38. R6f3 a4 39.
Rxe3 Rxe3+ 40. Rf3 1/2-1/2

[Event "LiSB-ch B"]
[Site "Stein"]
[Date "2002.12.08"]
[Round "7"]
[White "Schoffelen, Jan"]
[Black "Dreuning, Paul"]
[Result "1-0"]
[WhiteElo "1325"]
[BlackElo "1311"]
[PlyCount "35"]
[EventDate "2002.11.30"]
[EventType "swiss"]
[EventRounds "7"]
[EventCountry "NED"]
[Source "P.Boonen"]
[SourceDate "2012.01.01"]

1. d4 e6 2. e4 d5 3. Bd3 Nf6 4. Bg5 Bb4+ 5. c3 Be7 6. Nd2 dxe4 7. Bxf6 Bxf6 8.
Nxe4 O-O 9. Qc2 Nc6 10. O-O-O e5 11. d5 Qxd5 12. Nxf6+ gxf6 13. Bxh7+ Kg7 14.
Rxd5 Be6 15. Rd3 Bxa2 16. Rg3+ Kh6 17. Rh3+ Kg5 18. Qf5# 1-0

[Event "LiSB-ch"]
[Site "Stein"]
[Date "2002.11.30"]
[Round "1"]
[White "Bischoff, Gerard"]
[Black "Lafleur, John"]
[Result "1/2-1/2"]
[WhiteElo "1895"]
[BlackElo "1770"]
[PlyCount "31"]
[EventDate "2002.11.30"]
[EventType "swiss"]
[EventRounds "7"]
[EventCountry "NED"]
[Source "P.Boonen"]
[SourceDate "2012.01.01"]

1. d4 d5 2. c4 c6 3. Nf3 Nf6 4. cxd5 cxd5 5. Nc3 e6 6. e3 Nc6 7. Bd3 Bd6 8. O-O
O-O 9. Bd2 e5 10. dxe5 Nxe5 11. Nxe5 Bxe5 12. h3 d4 13. exd4 Qxd4 14. Be3 Qh4
15. Qf3 g5 16. Ne4 1/2-1/2